Infestissumam Lyrics-Ghost - Statistics

General Stats
  • This quiz has been taken 64 times
  • The average score is 50 of 58
Answer Stats
Answer % Correct
Infestissumam
100%
Infestissumam
100%
Infestissumam
100%
Infestissumam
100%
Anti
92%
Anti
92%
Anti
92%
Cristus
92%
Cristus
92%
Cristus
92%
Filio
92%
Filio
92%
Filio
92%
Filio
92%
Filio
92%
Filio
92%
Il
92%
Il
92%
Il
92%
Il
92%
Il
92%
Il
92%
Il
92%
Il
92%
Il
92%
Padre
92%
Padre
92%
Padre
92%
De
88%
De
88%
De
88%
Spiritus
88%
Spiritus
88%
Spiritus
88%
Est
84%
Est
84%
Est
84%
Sathanas
84%
Sathanas
84%
Sathanas
84%
Lo
80%
Lo
80%
Lo
80%
Malum
80%
Malum
80%
Malum
80%
Et
78%
Et
78%
Et
78%
Delenda
74%
Delenda
74%
Delenda
74%
Omnis
70%
Omnis
70%
Omnis
70%
Caelestis
64%
Caelestis
64%
Caelestis
64%
No matching quizzes found
Score Distribution
Percent of People with Each Score
Percentile by Number Answered
Your Score History
You have not taken this quiz